000 00602nam a22002057a 4500
003 OSt
005 20260312011715.0
008 260312b |||||||| |||| 00| 0 eng d
020 _a0-07123011-4.
040 _aDWCL Main lib
_cOC
082 _24th ed.
_aCirc. 330.015195 G971b 2003
100 _aGujatari, Damodar N.
245 _aBasic econometrics
_cDamodar N. Gujatari
250 _a4th ed.
260 _aNew York :
_bMcGraw-Hill/ Irwin,
_cc2003.
300 _axxix, 1002 p. :
_bill. ;
_c19 cm.
504 _ainclude index.
650 _aEconometrics.
942 _2ddc
_cBK-CIRC
_e4th ed.
_kCirc.
_n0
999 _c8982
_d8982